000 00459ntaaa2200181 4500
003 01
005 20251027201846.0
008 0714s1973 ag 01
040 _aAR-BaBN
_bspa
_cAR-BaBN
_eaacr
_dRIC
082 _a248.1000 K13
100 _aKantonen, Taito A
_917047
245 _aEl porqué de la mayordomía
250 _a1 ed.
260 _aRio Piedras, Puerto Rico :
_bLa Reforma,
_c1956
300 _a144 p
650 _amayordomío
_917048
942 _cBK
999 _c13238
_d13238